Enzyme biotechnology (Record no. 394098)

MARC details
000 -LEADER
fixed length control field 00484 a2200193 4500
005 - DATE & TIME
control field 20260112153709.0
008 - FIXED-LENGTH DATA ELEMENTS--GENERAL INFORMATION
fixed length control field 260112b |||||||| |||| 00| 0 eng d
020 ## - ISBN
International Standard Book Number 9781641164191
Price $ 157.00
040 ## - CATALOGING SOURCE
Original cataloging agency VIVEKANANDA LIBRARY
082 ## - DDC NUMBER
Classification number 660.634
Book Number P317E
100 ## - MAIN ENTRY--PERSONAL NAME
Personal name Pearson, Annabelle
245 ## - TITLE STATEMENT
Title Enzyme biotechnology
260 ## - PUBLICATION, DISTRIBUTION, ETC. (IMPRINT)
Name of publisher, distributor, etc Callisto Reference
Date of publication, distribution, etc 2020
Place of publication, distribution, etc New York
300 ## - PHYSICAL DESCRIPTION
Pages viii, 216
650 ## - Subject
Subject Enzymes
650 ## - Subject
Subject Biotechnology
650 ## - Subject
Subject Biochemistry
942 ## - ADDED ENTRY ELEMENTS (KOHA)
Koha item type Books
Holdings
Withdrawn status Lost status Source of classification or shelving scheme Damaged status Not for loan Location (home branch) Sublocation or collection (holding branch) Shelving location Date acquired Koha issues (times borrowed) Koha full call number Accession No. Koha date last seen Koha item type
    Dewey Decimal Classification     VIVEKANANDA LIBRARY VIVEKANANDA LIBRARY Vivekananda Library 15/12/2025   660.634 P317E 443667 15/12/2025 Books
© Designed and Maintained by Vivekananda Library, MDU Rohtak